<?xml version="1.0" encoding="UTF-8"?>
<marc:record xmlns:marc="http://www.loc.gov/MARC21/slim">
   <marc:leader>00000nam a2200000 a 4500</marc:leader>
   <marc:datafield ind1="1" ind2=" " tag="100">
      <marc:subfield code="a">Petschinka, Eberhard</marc:subfield>
      <marc:subfield code="4">aut</marc:subfield>
      <marc:subfield code="e">Verfasser/-in</marc:subfield>
   </marc:datafield>
   <marc:datafield ind1=" " ind2=" " tag="653">
      <marc:subfield code="a">Ausländer</marc:subfield>
   </marc:datafield>
   <marc:datafield ind1=" " ind2=" " tag="653">
      <marc:subfield code="a">Arbeitslosigkeit</marc:subfield>
   </marc:datafield>
   <marc:datafield ind1=" " ind2=" " tag="653">
      <marc:subfield code="a">Westen</marc:subfield>
   </marc:datafield>
   <marc:datafield ind1=" " ind2=" " tag="653">
      <marc:subfield code="a">Parodie</marc:subfield>
   </marc:datafield>
   <marc:datafield ind1=" " ind2=" " tag="653">
      <marc:subfield code="a">Asylanten</marc:subfield>
   </marc:datafield>
   <marc:datafield ind1=" " ind2=" " tag="653">
      <marc:subfield code="a">Neonazismus</marc:subfield>
   </marc:datafield>
   <marc:datafield ind1=" " ind2=" " tag="653">
      <marc:subfield code="a">Dialog</marc:subfield>
   </marc:datafield>
   <marc:datafield ind1=" " ind2=" " tag="653">
      <marc:subfield code="a">Papst</marc:subfield>
   </marc:datafield>
   <marc:datafield ind1=" " ind2=" " tag="653">
      <marc:subfield code="a">Paradies</marc:subfield>
   </marc:datafield>
   <marc:datafield ind1="0" ind2="0" tag="245">
      <marc:subfield code="a">Cicciolina und der Papst</marc:subfield>
   </marc:datafield>
   <marc:datafield ind1="0" ind2="0" tag="245">
      <marc:subfield code="b">Dialog über das Paradies</marc:subfield>
   </marc:datafield>
   <marc:datafield ind1="0" ind2="0" tag="245">
      <marc:subfield code="c">Eberhard Petschinka</marc:subfield>
   </marc:datafield>
   <marc:datafield ind1=" " ind2="1" tag="264">
      <marc:subfield code="a">Innsbruck</marc:subfield>
      <marc:subfield code="b">Haymon</marc:subfield>
      <marc:subfield code="c">1994</marc:subfield>
   </marc:datafield>
   <marc:datafield ind1=" " ind2=" " tag="250">
      <marc:subfield code="a">¦(in  6 Ex.) -  1</marc:subfield>
   </marc:datafield>
   <marc:datafield ind1="1" ind2=" " tag="520">
      <marc:subfield code="a">Der Tscheche Jiri und der Pole Gogo sind  nachdem Fall des Eisernen Vorhangs aus  demverlorenen Paradies des Ostens in das  Para-dies des Westens gezogen. Anfangs sehen  sienur die schönen Seiten des Lebens: das  riesi-&lt;br/&gt;ge Warenangebot, die heile Welt in all  ihrenFacetten. Erst nach und nach wird ihnen  be-&lt;br/&gt;wußt, daß die Realität - besonders für sieals  Ausländer - ganz anders aussieht.&lt;br/&gt;Was sie einander in diesem Dialog  erzählen,Wunsch- und Angstträume,  Zukunftsvisionen,gibt Einblick in die  Gedanken- und Gefühls-&lt;br/&gt;welt vieler Asylanten, zugleich aber auch  indie Wirklichkeit, mit der sie  konfrontiertwerden: Arbeitslosigkeit,  Ausländerfeindlich-&lt;br/&gt;keit, Neonazismus...&lt;br/&gt;Gogo und Jiri reagieren auf dieseEnttäuschung  mit der Flucht in eine neueScheinwelt, die  nur in ihrer Fantasie, aufFotos und  Fernsehbildern existiert: der einehofft auf  eine Verbesserung der Welt durchden Papst,  der andere hält sich am Bild desPornostars  Cicciolina fest, dem Inbegriff destotalen  Konsums. </marc:subfield>
   </marc:datafield>
   <marc:datafield ind1=" " ind2=" " tag="020">
      <marc:subfield code="a">9783852181585</marc:subfield>
      <marc:subfield code="9">9783852181585</marc:subfield>
   </marc:datafield>
   <marc:datafield ind1=" " ind2=" " tag="041">
      <marc:subfield code="a">ger</marc:subfield>
   </marc:datafield>
   <marc:datafield ind1="1" ind2=" " tag="521">
      <marc:subfield code="a">0</marc:subfield>
   </marc:datafield>
   <marc:datafield ind1=" " ind2=" " tag="300">
      <marc:subfield code="a">79 S.</marc:subfield>
   </marc:datafield>
</marc:record>
